000 01157nam2a22002891 4500
001 rc\4073094
005 20130415153256.1
035 _a(NLR Aleph) 007966046
090 _a8429851
_c8429851
100 _a20130415d1985 |||y0rusy50 ca
101 0 _arus
102 _aRU
105 _ac z |||||
200 1 _aВиталий Иосифович Гольданский
_fАН СССР
_gВступ. ст. Н.М. Эмануэля
_gБиблиогр. сост. И.Г. Бебих, С.В. Семеновой
210 _d1985
215 _a159 с., 1 л. портр.
300 _aНа обл. загл. сер.: Биобиблиогр. ученых СССР
461 0 _1001rc\4073030
_12001#$aМатериалы к биобиблиографии ученых СССР$eСерия химических наук$eВып. 1$fАкад. наук Союза ССР$vВып. 73
702 1 _aБебих
_bИ. Г.
_4220
702 1 _aСеменова
_bС. В.
_4220
702 1 _aЭмануэль
_bН. М.
_4080
801 0 _aRU
_bNLR
_gpsbo
801 1 _aRU
_bELAR
_2rusmarc
852 _aNLR
_j641/З-48
852 _aNLR
_jС К-1/2806
942 _cBOOK
980 _aNB